000
00216nam a22000857a 4500
008
170119b xxu||||| |||| 00| 0 eng d
100
_9
2499
_a
Madan.R.B.
245
_a
English Workbook
260
_a
New Delhi
_b
Periwinker
_c
2010
999
_c
5566
_d
5566